Bezpečnostné a environmentálne manažérstvo produktov vo vybranej výrobkovej skupine stavebné materiály
Gespeichert in:
| 1. Verfasser: | |
|---|---|
| Weitere Verfasser: | |
| Format: | Manuskript Buch |
| Sprache: | Slowakisch |
| Veröffentlicht: |
2020
|
| Schlagworte: | |
| Online-Zugang: | http://is.stuba.sk/zp/portal_zp.pl?podrobnosti=160170 |
| Tags: |
Keine Tags, Fügen Sie das erste Tag hinzu!
|
MARC
| LEADER | 00000ntm a22000003a 4500 | ||
|---|---|---|---|
| 001 | stuzp81468 | ||
| 003 | SK-STU | ||
| 005 | 20200718211910.3 | ||
| 007 | ta | ||
| 008 | 150427s2015----xo-----f-mn---000-0-slo-d | ||
| 040 | |a STU |b slo | ||
| 041 | 0 | |a slo | |
| 100 | 1 | |a Malíšek, Adrián |u 065000 |4 aut |U MTF Materiálovotechnologická fakulta |T MTF Ústav integrovanej bezpečnosti |X 65544 |U M5000 |Y 85 |7 65544 | |
| 242 | 0 | 1 | |a Safety and environmental management of the products in the selected product group of construction materials |y eng |
| 245 | 1 | 0 | |a Bezpečnostné a environmentálne manažérstvo produktov vo vybranej výrobkovej skupine stavebné materiály |
| 260 | |c 2020 | ||
| 650 | 4 | |a Stavebné materiály |2 slo | |
| 650 | 4 | |a Murovacie materiály |2 slo | |
| 650 | 4 | |a Bezpečnostné označovanie |2 slo | |
| 650 | 4 | |a Safety Labeling |2 eng | |
| 650 | 4 | |a Building Materials |2 eng | |
| 650 | 4 | |a Warehousing Materials |2 eng | |
| 700 | 1 | |a Rusko, Miroslav |4 ths |X 2796 |7 A000002796 | |
| 856 | 4 | |u http://is.stuba.sk/zp/portal_zp.pl?podrobnosti=160170 | |
| 996 | |c M* BP-8911 |l MMSKP |s P |a 0 |w stuzp81468_0001 | ||